| 000 | 00643cab a2200241 4500 | ||
|---|---|---|---|
| 001 | ABS42974 | ||
| 008 | 090401t1990 xxu||||| |||| 00| 0 eng d | ||
| 035 | _a(Sirsi) u39767 | ||
| 041 | _aeng | ||
| 100 | _aBrown, P. K. | ||
| 245 | _aYear of security? | ||
| 260 | _c1990 | ||
| 350 | _a0 | ||
| 490 |
_aRRV Monthly _vJune 1990, 142-144(3) |
||
| 520 | _aDiscusses the concept of annual tenancy and statutory matters which affect its value for rating. | ||
| 650 | _aANNUAL VALUE | ||
| 650 | _aCASE LAW | ||
| 650 |
_aValuation _96273 |
||
| 650 | _aYEAR TO YEAR | ||
| 690 | _aRATING AND VALUATION | ||
| 942 | _n0 | ||
| 948 | _c04/03/1997 | ||
| 999 |
_c25459 _d25459 |
||